British Singers - Sudden Death - Statistics

General Stats
  • This quiz has been taken 17,666 times
    16,034 since last reset
  • The average score is 11 of 23
Answers on the Grid
Answers color-coded by a green-red scale on the quiz's grid according to % correct below.
Adele
Alanis Morissette
Amy Winehouse
Annie Lennox
Axl Rose
Brian Johnson
Bryan Adams
Celine Dion
Chris Martin
Dave Grohl
David Bowie
Dua Lipa
Dusty Springfield
Ed Sheeran
Elton John
Enya
George Michael
Gotye
Harry Styles
Iggy Azalea
Jack White
Jim Morrison
John Lennon
Justin Bieber
Kate Bush
Keith Urban
Kylie Minogue
Lady Gaga
Liam Gallagher
Lorde
Madonna
Michael Bublé
Mick Jagger
Morrissey
Neil Young
Ozzy Osbourne
Paul McCartney
Phil Collins
Pink
Rihanna
Rod Stewart
Seal
Sia
Sting
Tina Turner
 
Answer Stats
Answer % Correct
Adele
94%
David Bowie
72%
Amy Winehouse
69%
Ed Sheeran
68%
Elton John
67%
Harry Styles
63%
John Lennon
60%
Paul McCartney
57%
Chris Martin
55%
George Michael
52%
Liam Gallagher
50%
Ozzy Osbourne
49%
Dua Lipa
46%
Mick Jagger
45%
Annie Lennox
41%
Sting
41%
Rod Stewart
39%
Phil Collins
38%
Kate Bush
36%
Morrissey
32%
Seal
22%
Brian Johnson
20%
Dusty Springfield
19%
No matching quizzes found
Score Distribution
Percent of People with Each Score
Percentile by Number Answered
Your Score History
You have not taken this quiz since the last reset